| 000 | 00628ata a2200253 4500 | ||
|---|---|---|---|
| 005 | 20251107190627.0 | ||
| 008 | 150608b2003 xxu||||| |||| 00| 0 spa d | ||
| 041 | _aESP | ||
| 082 | _a510.246.58 B268m | ||
| 100 |
_aBarrantes Campos, Hugo _919734 |
||
| 245 | _aMatemática básica para administración | ||
| 260 | _aCosta Rica | ||
| 260 | _bEUNED | ||
| 260 | _c2003 | ||
| 300 | _a243 páginas | ||
| 490 | _aDirección y Administración de Empresas | ||
| 650 | _aMATEMÁTICAS | ||
| 650 | _aÁLGEBRA | ||
| 650 | _aECUACIONES | ||
| 650 | _aINECUACIONES | ||
| 650 | 0 | _aFUNCIONES | |
| 942 |
_cBK _2ddc |
||
| 999 |
_c1225 _d1225 |
||